000 00648nam a2200241Ia 4500
003 OSt
005 20220926001101.0
006 a|||||r|||| 00| 0
007 ta
008 220923b |||||||| |||| 00| 0 eng d
037 _cGeneral Book
040 _aRTL
_cRTL
_beng
041 _2eng
_aeng
082 _aY74447W.N7, L5
100 _aSumi Tokan D
_977055
245 0 _aLadakh
_b the moonland
260 _a New Delhi
_bLight and Life
_c1975
300 _a66p
_ccm.
500 _aBibliography: P 66
650 _aIndian Society
942 _hY74447W.N7, L5
_cGB
_2CC
999 _c600392
_d600392